书目信息 |
| 题名: |
尼克松主义
|
|
| 作者: | 时殷弘 著 | |
| 分册: | ||
| 出版信息: | 武汉 武汉大学出版社 1984 |
|
| 页数: | 119页 | |
| 开本: | 19cm | |
| 丛书名: | ||
| 单 册: | ||
| 中图分类: | D771.1 | |
| 科图分类: | ||
| 主题词: | 尼克松主义 | |
| 电子资源: | ||
| ISBN: | ||
| 000 | 00586nam0 2200229 45 | |
| 001 | 0184014016 | |
| 005 | 20060816105038.75 | |
| 010 | @dCNY0.45 | |
| 091 | @aCN@b11279.4 | |
| 100 | @a19950628d1984 em y0chiy0121 ea | |
| 101 | 0 | @achi |
| 102 | @aCN@b420000 | |
| 105 | @ay z 000yy | |
| 200 | 10 | @a尼克松主义@Ani ke song zhu yi@f时殷弘著 |
| 210 | @a武汉@c武汉大学出版社@d1984 | |
| 215 | @a119页@d19cm | |
| 606 | @a尼克松主义 | |
| 690 | @aD771.1@v3 | |
| 701 | 0 | @a时殷弘@Ashi yin hong@4著 |
| 801 | 0 | @aCN@bTSSF@c20060816 |
| 801 | 2 | @aCN@bNLC@c20060724 |
| 905 | @a10447@dD771.1@e251 | |
| 尼克松主义/时殷弘著.-武汉:武汉大学出版社,1984 |
| 119页;19cm |
| ISBN :CNY0.45 |
| ● |
| 相关链接 |
|
|
|
|
正题名:尼克松主义
索取号:D771.1/251
 
预约/预借
| 序号 | 登录号 | 条形码 | 馆藏地/架位号 | 状态 | 备注 |
| 1 | 0425978 | 204259783 | 密集书库/ [索取号:D771.1/251] | 在馆 | |
| 2 | 0425979 | 204259792 | 密集书库/ [索取号:D771.1/251] | 在馆 | |
| 3 | 0425980 | 204259809 | 密集书库/ [索取号:D771.1/251] | 在馆 | |
| 4 | 0425981 | 204259818 | 密集书库/ [索取号:D771.1/251] | 在馆 | |
| 5 | 0464837 | 204648373 | 密集书库/ [索取号:D771.1/251] | 在馆 | |
| 6 | 0464838 | 204648382 | 密集书库/ [索取号:D771.1/251] | 在馆 |